000 00570nam a2200205Ia 4500
003 OSt
005 20250828105820.0
008 Pun
037 _cTB
040 _aARTS
_cARTS
_bPun
041 _2Pun
_aPun
084 _aQ8441z7 153M6
_qAL
100 _aਕਿFਨ ਸਿੰਘ
_9819135
245 0 _aਸਿੱਖ ਲਹਿਰ
260 _aਦਿੱਲੀ
_b ਆਰਸੀ ਪਬਲੀFਰਗ਼
_c1986
300 _a208ਪੰ
_ccm.
650 _aਧਰਮ
942 _hQ8441z7 153M6
_cTB
_2CC
_n0
999 _c369709
_d369709